| 000 | 00459nam a22001457a 4500 | ||
|---|---|---|---|
| 008 | 150113b xxu||||| |||| 00| 0 eng d | ||
| 020 | _a9781490452104 | ||
| 050 | _aB765.D74 Z64 | ||
| 100 |
_aZiccardi, James M. _913595 |
||
| 245 |
_aBlessed John Duns Scotus _bthe case for the Existence of God and the immaculate Conception _cJames M. Ziccardi |
||
| 260 | _c2013 | ||
| 300 |
_a98p. ; _c22cm. |
||
| 600 |
_aDuns Scotus, John _913741 |
||
| 942 |
_2lcc _cMONOGRAPH |
||
| 999 |
_c121595 _d121595 |
||